Cadillac area, Quebec, (Record no. 27419)

MARC details
000 -LEADER
fixed length control field 01090cam a22002771 4500
001 - CONTROL NUMBER
control field gs 38000069
003 - CONTROL NUMBER IDENTIFIER
control field DLC
005 - DATE AND TIME OF LATEST TRANSACTION
control field 20260227111342.0
008 - FIXED-LENGTH DATA ELEMENTS--GENERAL INFORMATION
fixed length control field 720317s1937 oncbf b 000 0 eng
010 ## - LIBRARY OF CONGRESS CONTROL NUMBER
LC control number gs 38000069
035 ## - SYSTEM CONTROL NUMBER
System control number (OCoLC)265268
040 ## - CATALOGING SOURCE
Original cataloging agency DLC
Transcribing agency OAkU
Modifying agency NSbSU
-- DLC
050 00 - LIBRARY OF CONGRESS CALL NUMBER
Classification number QE185
Item number .A2 no. 206
051 ## - LIBRARY OF CONGRESS COPY, ISSUE, OFFPRINT STATEMENT
Classification number QE193
Item number .G8
100 1# - MAIN ENTRY--PERSONAL NAME
Personal name Gunning, Henry Cecil,
Dates associated with a name 1901-
245 10 - TITLE STATEMENT
Title Cadillac area, Quebec,
Statement of responsibility, etc. by H.C. Gunning.
260 ## - PUBLICATION, DISTRIBUTION, ETC.
Place of publication, distribution, etc. Ottawa,
Name of publisher, distributor, etc. J.O. Patenaude, printer to the King,
Date of publication, distribution, etc. 1937.
300 ## - PHYSICAL DESCRIPTION
Extent 80 p.
Other physical details incl. tables, diagr. 7 plates (incl. col. front.) 2 fold maps (in pocket)
Dimensions 25 cm.
490 1# - SERIES STATEMENT
Series statement Geological Survey of Canada. Memoir
Volume/sequential designation 206
500 ## - GENERAL NOTE
General note At head of title: Canada. Department of mines and resources. Mines and geology branch. Bureau of geology and topography. Geological survey.
500 ## - GENERAL NOTE
General note In lower right corner of t.-p.: no.2434.
500 ## - GENERAL NOTE
General note Errata slip inserted.
504 ## - BIBLIOGRAPHY, ETC. NOTE
Bibliography, etc. note "Selected references": p.2.
650 #0 - SUBJECT ADDED ENTRY--TOPICAL TERM
Topical term or geographic name entry element Geology
Geographic subdivision Québec (Province)
-- Cadillac area.
830 #0 - SERIES ADDED ENTRY--UNIFORM TITLE
Uniform title Memoir (Geological Survey of Canada) ;
Volume/sequential designation 206

No items available.

Powered by Koha